| 000 | 00903nam a22002897a 4500 | ||
|---|---|---|---|
| 001 | BR7316335 | ||
| 003 | BR-BrBNA | ||
| 005 | 20230928084327.0 | ||
| 007 | ta | ||
| 008 | 230509b bl.||||| |||| 00| 0 por d | ||
| 040 |
_aBR-BrBNA _bpor _cBiblioteca Nacional de Agricultura |
||
| 041 | _a(Por) | ||
| 072 |
_aF00; Q10; E70 _b2140 _b/G514 |
||
| 090 | _ 2140 BR7316335 | ||
| 100 | 1 | _aCosta, F.L.A. | |
| 110 | 1 |
_aDepartamento Nacional da Produccao Vegetal, Rio de Janeiro, GB (Brasil). Servico de Fomento da Producao Vegetal _93253 |
|
| 245 | 1 | _aO mate. (exploracao, industria e exportacao)[Brasil] | |
| 260 | 3 |
_aRio de Janeiro, GB (Brasil): _c1935. |
|
| 300 | _a92 p. | ||
| 500 | _a44 tables; 6 Maps (scale 1:36,000,000 to 1:3000,000) | ||
| 650 | _aINDUSTRIALIZACAO | ||
| 650 | _aIMPORTACAO | ||
| 650 | _aEXPORTACAO | ||
| 650 | _aMATE | ||
| 909 |
_a202309 _bLucia _c55 _dLucia Elande |
||
| 942 | _cBK | ||
| 999 |
_c18198 _d18198 |
||